| 000 | 00586nam a2200193 4500 | ||
|---|---|---|---|
| 001 | 138770 | ||
| 003 | ES-MaACL | ||
| 005 | 20230906195631.0 | ||
| 007 | t| | ||
| 008 | 070214s1962 sp r ||||1| spa d | ||
| 100 | 1 |
_aSantos, José Luis. _9103479 |
|
| 245 | 1 | 0 |
_aConcilio en el Vaticano / _cJosé Luis Santos Díez. |
| 260 |
_aMadrid : _b[s. n.], _c1962 ( _fGráf. Maribel) |
||
| 300 |
_a174 p. ; _c18 cm. |
||
| 490 | 1 | _aManuales del pensamiento católico | |
| 830 | 0 |
_aManuales del pensamiento católico _9220182 |
|
| 852 |
_aES-MaACL _jC-21440 _bR.49509 |
||
| 999 |
_c138770 _d138770 |
||